[Event "Titled Tuesday intern op 16th Apr Early"]
[Site "Chess.com INT"]
[Date "2024.04.16"]
[Round "5"]
[White "Narayanan, Srinath"]
[Black "Yezhel, Valiantsin"]
[Result "1-0"]
[WhiteElo "2533"]
[BlackElo "2266"]
[PlyCount "83"]
[EventDate "2024.04.16"]
[EventType "swiss (blitz)"]
[EventRounds "11"]
[EventCountry "USA"]
[SourceTitle "CB17_2024"]
[SourceDate "2024.04.24"]
[SourceVersion "1"]
[SourceVersionDate "2024.04.24"]
[SourceQuality "1"]

1. e4 c5 2. Nf3 g6 3. d4 cxd4 4. Nxd4 Bg7 5. c4 Nc6 6. Be3 Qb6 7. Nb3 Qd8 8. Qd2 Nf6 9. f3 d6 10. Nc3 Be6 11. Be2 a6 12. 0-0 0-0 13. Rac1 Rc8 14. Rfd1 Ne5 15. Nd5 Bxd5 16. cxd5 Ned7 17. Qb4 Rxc1 18. Rxc1 Qb8 19. Qc4 Rd8 20. Na5 Ne8 21. Qb3 Nc5 22. Bxc5 dxc5 23. Nxb7 Bd4+ 24. Kh1 Rc8 25. g3 Qa7 26. Na5 Rb8 27. Qa4 Bxb2 28. Nc6 Qd7 29. Rb1 Rb4 30. Qc2 Bf6 31. Nxb4 cxb4 32. Qc6 Qd8 33. f4 Bc3 34. Bxa6 Nd6 35. a3 Nxe4 36. axb4 Nf6 37. Qxc3 Qxd5+ 38. Kg1 Qd6 39. Bd3 Kg7 40. Re1 Qb6+ 41. Kg2 Qb7+ 42. Be4 1-0

[Event "Titled Tuesday intern op 12th Mar Early"]
[Site "Chess.com INT"]
[Date "2024.03.12"]
[Round "11"]
[White "Kramnik, Vladimir"]
[Black "Narayanan, Srinath"]
[Result "1-0"]
[WhiteElo "2753"]
[BlackElo "2533"]
[PlyCount "125"]
[EventDate "2024.03.12"]
[EventType "swiss (blitz)"]
[EventRounds "11"]
[EventCountry "USA"]
[SourceTitle "CB12_2024"]
[SourceDate "2023.10.01"]
[SourceVersion "1"]
[SourceVersionDate "2023.10.01"]
[SourceQuality "1"]

1. e4 c5 2. Nf3 d6 3. d4 cxd4 4. Nxd4 Nf6 5. Nc3 Nc6 6. Bg5 e6 7. Qd2 a6 8. 0-0-0 Be7 9. f3 0-0 10. h4 Nxd4 11. Qxd4 b5 12. Kb1 Bb7 13. Bd3 Qc7 14. Ne2 Rfd8 15. Qf2 d5 16. e5 Ne4 17. Qe1 Nc5 18. Nd4 Rac8 19. Bxe7 Qxe7 20. c3 Nxd3 21. Rxd3 a5 22. f4 b4 23. f5 bxc3 24. bxc3 exf5 25. Nxf5 Qe6 26. Nd4 Qg6 27. Qg3 Qb6+ 28. Ka1 Ba6 29. Rb1 Qc7 30. Rf3 Rb8 31. Rxb8 Rxb8 32. e6 Qxg3 33. Rxg3 Kh8 34. exf7 Rf8 35. Rf3 Bc8 36. Nc6 g6 37. Nxa5 Kg7 38. Nc6 Bf5 39. Ne5 Be4 40. Rf2 h5 41. a4 Bf5 42. Kb2 Rb8+ 43. Ka3 Ra8 44. Kb4 Rb8+ 45. Kc5 Ra8 46. Ra2 Kf6 47. Nc6 Kxf7 48. a5 Ke6 49. a6 Kd7 50. Kb6 Kd6 51. a7 Bd7 52. Nb8 Be6 53. Kb7 d4 54. Ra6+ Kc5 55. Rc6+ Kb5 56. Kxa8 Bd5 57. Kb7 dxc3 58. a8Q c2 59. Qa6+ Kb4 60. Qb6+ Ka3 61. Qa5+ Kb2 62. Qxd5 c1Q 63. Qb5+ 1-0

[Event "Titled Tuesday intern op 12th Mar Early"]
[Site "Chess.com INT"]
[Date "2024.03.12"]
[Round "3"]
[White "Narayanan, Srinath"]
[Black "Danielian, Vardan"]
[Result "1-0"]
[WhiteElo "2533"]
[BlackElo "2230"]
[PlyCount "101"]
[EventDate "2024.03.12"]
[EventType "swiss (blitz)"]
[EventRounds "11"]
[EventCountry "USA"]
[SourceTitle "CB12_2024"]
[SourceDate "2023.10.01"]
[SourceVersion "1"]
[SourceVersionDate "2023.10.01"]
[SourceQuality "1"]

1. e4 Nf6 2. e5 Nd5 3. d4 d6 4. Nf3 Bg4 5. Be2 e6 6. exd6 cxd6 7. 0-0 Be7 8. Nbd2 0-0 9. Ne4 Nf6 10. Ng3 Nc6 11. h3 Bxf3 12. Bxf3 d5 13. c3 b5 14. Re1 Rc8 15. a3 a5 16. b4 a4 17. Ne2 Nb8 18. Qd3 Rc4 19. Bg5 Nbd7 20. Nf4 Nb6 21. Ne2 Ne8 22. Bd2 Nd6 23. Ng3 Rc8 24. Ne2 Nbc4 25. Bf4 Re8 26. Bh2 Nb2 27. Qd2 Nbc4 28. Qf4 Nf5 29. Bg4 Bd6 30. Qf3 Bxh2+ 31. Kxh2 Nfd6 32. Ng3 Qf6 33. Qe2 g6 34. Kg1 h5 35. Bf3 Kh7 36. Qd3 Nf5 37. Nf1 Nb2 38. Qxb5 Nc4 39. Qxa4 Nh4 40. Be2 Qg5 41. g3 Nd2 42. Nxd2 Qxd2 43. gxh4 e5 44. Bf1 Re6 45. dxe5 Rxc3 46. Bg2 Qf4 47. Qd1 Rec6 48. Qxd5 Rc2 49. Rf1 R6c3 50. Qe4 Qd2 51. Rad1 1-0

[Event "Titled Tuesday intern op 12th Mar Early"]
[Site "Chess.com INT"]
[Date "2024.03.12"]
[Round "5"]
[White "Narayanan, Srinath"]
[Black "Mitrabha, Guha"]
[Result "1/2-1/2"]
[WhiteElo "2533"]
[BlackElo "2526"]
[PlyCount "125"]
[EventDate "2024.03.12"]
[EventType "swiss (blitz)"]
[EventRounds "11"]
[EventCountry "USA"]
[SourceTitle "CB12_2024"]
[SourceDate "2023.10.01"]
[SourceVersion "1"]
[SourceVersionDate "2023.10.01"]
[SourceQuality "1"]

1. e4 c6 2. d4 d5 3. e5 Bf5 4. Nf3 e6 5. Be2 Ne7 6. 0-0 Ng6 7. c3 Nd7 8. Ne1 h5 9. Bd3 Ne7 10. Nc2 c5 11. Bg5 Bxd3 12. Qxd3 Qb6 13. b3 Nf5 14. Nd2 Rc8 15. Nf3 Be7 16. Bxe7 Nxe7 17. Ne3 Nb8 18. c4 cxd4 19. Nxd4 Nbc6 20. Nxc6 bxc6 21. Kh1 h4 22. h3 Rd8 23. cxd5 cxd5 24. f4 g6 25. Rad1 Kf8 26. Kh2 Kg7 27. Rc1 Rc8 28. Qd2 Rxc1 29. Rxc1 Rc8 30. Rxc8 Nxc8 31. f5 gxf5 32. Nc2 Ne7 33. Nd4 Ng6 34. Nf3 f4 35. b4 Qe3 36. Qb2 Ne7 37. b5 Nf5 38. a4 Qb6 39. Qd2 Ne3 40. Qb4 Nf1+ 41. Kh1 Qe3 42. Qe7 Ng3+ 43. Kh2 Ne4 44. Qxh4 d4 45. Qg4+ Kf8 46. Qh4 d3 47. Qh8+ Ke7 48. Qc8 d2 49. Qc7+ Kf8 50. Qd8+ Kg7 51. a5 Qf2 52. Nxd2 Qg3+ 53. Kg1 Qe1+ 54. Nf1 Qf2+ 55. Kh2 Qxf1 56. Qh4 Kf8 57. Qd8+ Kg7 58. Qh4 Nf2 59. Qg5+ Kf8 60. Qd8+ Kg7 61. Qg5+ Kf8 62. Qd8+ Kg7 63. Qg5+ 1/2-1/2

[Event "Titled Tuesday intern op 12th Mar Early"]
[Site "Chess.com INT"]
[Date "2024.03.12"]
[Round "9"]
[White "Narayanan, Srinath"]
[Black "Ter Sahakyan, Samvel"]
[Result "1-0"]
[WhiteElo "2533"]
[BlackElo "2646"]
[PlyCount "71"]
[EventDate "2024.03.12"]
[EventType "swiss (blitz)"]
[EventRounds "11"]
[EventCountry "USA"]
[SourceTitle "CB12_2024"]
[SourceDate "2023.10.01"]
[SourceVersion "1"]
[SourceVersionDate "2023.10.01"]
[SourceQuality "1"]

1. Nf3 d5 2. e3 c5 3. b3 Nc6 4. Bb2 Nf6 5. d4 Bg4 6. dxc5 e6 7. Nbd2 Bxc5 8. Be2 0-0 9. 0-0 Qe7 10. c4 Rfd8 11. cxd5 Nxd5 12. Rc1 Rac8 13. Qc2 Ncb4 14. Qb1 Bf5 15. Qa1 Nc2 16. Rxc2 Bxc2 17. Bxg7 f6 18. Bh6 Bg6 19. Bc4 Bb4 20. e4 Nb6 21. e5 Bxd2 22. exf6 Qf7 23. Bxd2 Nxc4 24. bxc4 e5 25. Bg5 Re8 26. Nxe5 Qe6 27. Re1 Rxc4 28. h4 Bf7 29. Re3 Ra4 30. Rg3 Kh8 31. Nxf7+ Qxf7 32. Bh6 Rxa2 33. Qc3 Ra4 34. Rg7 Qe6 35. f7 Qe1+ 36. Kh2 1-0

[Event "Titled Tuesday intern op 12th Mar Early"]
[Site "Chess.com INT"]
[Date "2024.03.12"]
[Round "2"]
[White "Padmini, Rout"]
[Black "Narayanan, Srinath"]
[Result "0-1"]
[WhiteElo "2353"]
[BlackElo "2533"]
[PlyCount "64"]
[EventDate "2024.03.12"]
[EventType "swiss (blitz)"]
[EventRounds "11"]
[EventCountry "USA"]
[SourceTitle "CB12_2024"]
[SourceDate "2023.10.01"]
[SourceVersion "1"]
[SourceVersionDate "2023.10.01"]
[SourceQuality "1"]

1. e4 c5 2. Nf3 d6 3. d4 cxd4 4. Nxd4 Nf6 5. Nc3 Nc6 6. Bg5 e6 7. Qd2 a6 8. 0-0-0 Be7 9. f4 Bd7 10. Nf3 b5 11. Bxf6 gxf6 12. f5 Qb6 13. fxe6 fxe6 14. Ne2 0-0-0 15. Nf4 Kb8 16. g3 Rhe8 17. Kb1 Ne5 18. Nd4 Bf8 19. Nh5 Ng4 20. Bh3 Bh6 21. Qe2 Ne3 22. Rd3 f5 23. Nf6 Re7 24. Nxd7+ Rdxd7 25. exf5 exf5 26. Qh5 Bg7 27. Nxf5 Nxf5 28. Qxf5 Rc7 29. Qxh7 Qc6 30. Rdd1 Bxb2 31. Qg8+ Re8 32. Qd5 Qxc2# 0-1

[Event "Titled Tuesday intern op 12th Mar Early"]
[Site "Chess.com INT"]
[Date "2024.03.12"]
[Round "4"]
[White "Singh, Ojasva"]
[Black "Narayanan, Srinath"]
[Result "0-1"]
[WhiteElo "2314"]
[BlackElo "2533"]
[PlyCount "68"]
[EventDate "2024.03.12"]
[EventType "swiss (blitz)"]
[EventRounds "11"]
[EventCountry "USA"]
[SourceTitle "CB12_2024"]
[SourceDate "2023.10.01"]
[SourceVersion "1"]
[SourceVersionDate "2023.10.01"]
[SourceQuality "1"]

1. e4 c5 2. Nf3 d6 3. d4 cxd4 4. Nxd4 Nf6 5. f3 Nc6 6. c4 e6 7. Nc3 Be7 8. Be3 0-0 9. Be2 d5 10. Nxc6 bxc6 11. cxd5 exd5 12. exd5 Nxd5 13. Nxd5 cxd5 14. 0-0 Bf6 15. Bd4 Rb8 16. b3 Re8 17. Re1 Rb4 18. Bxf6 Qxf6 19. Rc1 Be6 20. Qd2 Rh4 21. Bf1 h6 22. Rc7 a5 23. Rec1 a4 24. Bb5 Rb8 25. bxa4 Qe5 26. g3 Rd4 27. Qf2 Rb4 28. R7c2 d4 29. Qd2 Qd6 30. Rc6 Qf8 31. Rc7 h5 32. Qg5 Rb2 33. Qxh5 Qb4 34. Bd3 g6 0-1

[Event "Bangabandhu-chT"]
[Site "Dhaka"]
[Date "2024.02.09"]
[Round "9.4"]
[White "Subrota, Biswas"]
[Black "Narayanan, Srinath"]
[Result "1/2-1/2"]
[WhiteElo "2247"]
[BlackElo "2552"]
[PlyCount "104"]
[EventDate "2024.02.01"]
[EventType "team-tourn"]
[EventRounds "11"]
[EventCountry "BAN"]
[SourceTitle "CB07_2024"]
[SourceDate "2024.02.14"]
[SourceVersion "1"]
[SourceVersionDate "2024.02.14"]
[SourceQuality "1"]
[WhiteTeam "Titas Club"]
[BlackTeam "Bangladesh Biman"]
[WhiteTeamCountry "BAN"]
[BlackTeamCountry "BAN"]

1. e4 e5 2. Nf3 Nc6 3. Bb5 Nge7 4. 0-0 Ng6 5. d4 exd4 6. Nxd4 Bc5 7. Be3 Bxd4 8. Bxd4 Nxd4 9. Qxd4 Qg5 10. Qd5 Qe7 11. Qd2 0-0 12. Nc3 d6 13. f4 f5 14. Rae1 Qd8 15. Bc4+ Kh8 16. e5 dxe5 17. Qxd8 Rxd8 18. fxe5 c6 19. e6 Ne7 20. Rd1 Re8 21. a4 g6 22. b4 Kg7 23. g4 b6 24. b5 Rb8 25. gxf5 Nxf5 26. bxc6 Bxe6 27. c7 Rbc8 28. Bxe6 Rxe6 29. Nb5 Re7 30. Rd8 Rexc7 31. Nxc7 Rxc7 32. Rc1 Kf6 33. c4 h5 34. Kf2 Ke5 35. Kf3 Rc5 36. Rd7 Ra5 37. Re1+ Kf6 38. Ra1 Ke6 39. Rc7 Nd4+ 40. Ke4 Nb3 41. Rg1 Nc5+ 42. Kd4 g5 43. Rc6+ Kf5 44. Re1 Rxa4 45. h3 Nb3+ 46. Kc3 Na5 47. Rf1+ Ke5 48. Rg6 Ra3+ 49. Kb4 Rb3+ 50. Ka4 Rg3 51. c5 Nc4 52. c6 Kd5 1/2-1/2

[Event "Titled Tuesday intern op 14th Nov Early"]
[Site "Chess.com INT"]
[Date "2023.11.14"]
[Round "6"]
[White "Narayanan, Srinath"]
[Black "Xu, Xiangyu"]
[Result "0-1"]
[WhiteElo "2552"]
[BlackElo "2623"]
[PlyCount "68"]
[EventDate "2023.11.14"]
[EventType "swiss (blitz)"]
[EventRounds "11"]
[EventCountry "USA"]
[SourceTitle "CB47_2023"]
[SourceDate "2023.11.22"]
[SourceVersion "1"]
[SourceVersionDate "2023.11.22"]
[SourceQuality "1"]

1. Nf3 d5 2. e3 Nf6 3. c4 g6 4. cxd5 Nxd5 5. Nc3 Bg7 6. Bc4 Nb6 7. Bb3 c5 8. h3 Nc6 9. 0-0 c4 10. Bc2 0-0 11. d4 cxd3 12. Bxd3 Be6 13. Be4 Rc8 14. Rb1 Bxc3 15. bxc3 Bxa2 16. Ra1 Bc4 17. Re1 Qxd1 18. Rxd1 Rfd8 19. Rxd8+ Rxd8 20. Ba3 Bd5 21. Bxd5 Nxd5 22. c4 Nb6 23. c5 Nc4 24. Kf1 f5 25. Ke2 Rd5 26. Bc1 Rxc5 27. Rb1 b6 28. Ne1 Ra5 29. Nd3 Ra2+ 30. Ke1 N6e5 31. Nf4 g5 32. Nd5 Nd3+ 33. Kf1 Rxf2+ 34. Kg1 Rc2 0-1

[Event "Titled Tuesday intern op 19th Sep Early"]
[Site "Chess.com INT"]
[Date "2023.09.19"]
[Round "2"]
[White "Espinosa Veloz, Ermes"]
[Black "Narayanan, Srinath"]
[Result "0-1"]
[WhiteElo "2478"]
[BlackElo "2552"]
[PlyCount "74"]
[EventDate "2023.09.19"]
[EventType "swiss (blitz)"]
[EventRounds "11"]
[EventCountry "USA"]
[SourceTitle "EXT 2024"]
[Source "ChessBase"]
[SourceDate "2023.10.10"]
[SourceVersion "1"]
[SourceVersionDate "2023.10.10"]
[SourceQuality "1"]

1. e4 c5 2. Nf3 d6 3. d4 cxd4 4. Nxd4 Nf6 5. Nc3 Nc6 6. Bg5 e6 7. Qd2 a6 8. 0-0-0 Be7 9. f3 0-0 10. g4 Nxd4 11. Qxd4 b5 12. Be3 Rb8 13. g5 Nd7 14. h4 b4 15. Na4 Qa5 16. b3 Nc5 17. Nxc5 dxc5 18. Qb2 Qc7 19. h5 a5 20. h6 f6 21. hxg7 Rf7 22. Bc4 fxg5 23. Rxh7 Bf6 24. e5 Bxe5 25. c3 Kxh7 26. Qg2 Rxg7 27. Rh1+ Kg8 28. Kb1 Qf7 29. Bd3 Bb7 30. Qh3 Kf8 31. Bxc5+ Ke8 32. Bb5+ Kd8 33. Rd1+ Bd5 34. c4 Rxb5 35. cxb5 Qg6+ 36. Kc1 Rc7 37. Rxd5+ exd5 0-1

[Event "Titled Tuesday intern op 19th Sep Early"]
[Site "Chess.com INT"]
[Date "2023.09.19"]
[Round "3"]
[White "Narayanan, Srinath"]
[Black "Ingebretsen, Jens E"]
[Result "1-0"]
[WhiteElo "2552"]
[BlackElo "2408"]
[PlyCount "69"]
[EventDate "2023.09.19"]
[EventType "swiss (blitz)"]
[EventRounds "11"]
[EventCountry "USA"]
[SourceTitle "EXT 2024"]
[Source "ChessBase"]
[SourceDate "2023.10.10"]
[SourceVersion "1"]
[SourceVersionDate "2023.10.10"]
[SourceQuality "1"]

1. Nf3 d5 2. e3 Nf6 3. c4 c6 4. d4 Bf5 5. Nc3 e6 6. Qb3 Qc7 7. Nh4 Be4 8. Nxe4 Nxe4 9. Bd3 f5 10. Nf3 Nd7 11. a3 Bd6 12. Qc2 0-0 13. c5 Be7 14. b4 a6 15. Rb1 Rae8 16. Bb2 g5 17. Nd2 Bf6 18. f3 Nxd2 19. Kxd2 e5 20. Bxf5 exd4 21. Bxh7+ Kh8 22. Bxd4 Bxd4 23. exd4 Qf4+ 24. Kc3 Re3+ 25. Bd3 Rfe8 26. h4 g4 27. fxg4 R8e4 28. Rbf1 Qxg4 29. Rh3 Rxh3 30. gxh3 Qxh3 31. Rf7 Rxh4 32. Qf2 Kg8 33. Re7 Kh8 34. Rxd7 Qxd7 35. Qf8# 1-0

[Event "Titled Tuesday intern op 19th Sep Early"]
[Site "Chess.com INT"]
[Date "2023.09.19"]
[Round "1"]
[White "Narayanan, Srinath"]
[Black "Silva, Kaua Marques"]
[Result "1-0"]
[WhiteElo "2552"]
[BlackElo "2239"]
[PlyCount "99"]
[EventDate "2023.09.19"]
[EventType "swiss (blitz)"]
[EventRounds "11"]
[EventCountry "USA"]
[SourceTitle "EXT 2024"]
[Source "ChessBase"]
[SourceDate "2023.10.10"]
[SourceVersion "1"]
[SourceVersionDate "2023.10.10"]
[SourceQuality "1"]

1. Nf3 c5 2. c4 b6 3. d4 cxd4 4. Nxd4 Nf6 5. Nc3 e6 6. e4 Bb4 7. Bd3 Nc6 8. Nc2 Bxc3+ 9. bxc3 Qc7 10. Ba3 Ne5 11. Be2 Nxe4 12. Qd4 f5 13. f4 Nf7 14. 0-0 Rg8 15. Qe3 Bb7 16. Nd4 Bc6 17. Bf3 0-0-0 18. Nb5 Bxb5 19. cxb5 d5 20. c4 d4 21. Qe1 Nfd6 22. c5 bxc5 23. Rc1 Kb8 24. Bb4 Rc8 25. a4 Qb7 26. Bxc5 Rxc5 27. Rxc5 d3 28. Rc6 Qe7 29. Qb4 Rd8 30. b6 a6 31. Rc7 Qf6 32. h3 d2 33. Kh2 g5 34. Bxe4 fxe4 35. Qxd2 g4 36. Rxh7 g3+ 37. Kh1 Nf5 38. Qc2 Rc8 39. Qxe4 Ne7 40. a5 Re8 41. Qc4 Nd5 42. Qc6 Re7 43. Rxe7 Qxe7 44. Qc4 Qd6 45. Qd3 Qc6 46. Qxg3 Qb5 47. f5+ Kb7 48. Re1 Nxb6 49. Qg7+ Nd7 50. fxe6 1-0

[Event "Titled Tuesday intern op 08th Aug Early"]
[Site "Chess.com INT"]
[Date "2023.08.08"]
[Round "3"]
[White "Narayanan, Srinath"]
[Black "Erzhanov, Arman"]
[Result "0-1"]
[WhiteElo "2552"]
[BlackElo "2175"]
[PlyCount "84"]
[EventDate "2023.08.08"]
[EventType "swiss (blitz)"]
[EventRounds "11"]
[EventCountry "USA"]
[SourceTitle "EXT 2024"]
[Source "ChessBase"]
[SourceDate "2023.10.10"]
[SourceVersion "1"]
[SourceVersionDate "2023.10.10"]
[SourceQuality "1"]

1. Nf3 d6 2. c4 e5 3. Nc3 f5 4. d3 Nc6 5. g3 g6 6. Bg2 Bg7 7. 0-0 Nf6 8. Rb1 a5 9. a3 0-0 10. b4 axb4 11. axb4 h6 12. b5 Ne7 13. Qb3 Be6 14. b6 c6 15. Ba3 g5 16. Qb4 Nc8 17. c5 dxc5 18. Qxc5 Nd7 19. Qb4 Ncxb6 20. Qb2 Rf7 21. Bc5 Nxc5 22. Qxb6 Qxb6 23. Rxb6 e4 24. dxe4 Bxc3 25. exf5 Bxf5 26. Rc1 Na4 27. Rb3 Bg7 28. Ra3 Bb2 29. Rca1 Bxa1 30. Rxa1 Nb6 31. Rd1 Rd7 32. Rc1 Ra5 33. h4 g4 34. Nh2 h5 35. f3 Ra2 36. e4 Rdd2 37. Bf1 Be6 38. Rb1 Nc4 39. fxg4 Rxh2 40. gxh5 Rhb2 41. Rd1 Nd2 42. Bg2 Rb1 0-1

[Event "Titled Tuesday intern op 08th Aug Early"]
[Site "Chess.com INT"]
[Date "2023.08.08"]
[Round "6"]
[White "Nemec, Jachym"]
[Black "Narayanan, Srinath"]
[Result "0-1"]
[WhiteElo "2333"]
[BlackElo "2552"]
[PlyCount "62"]
[EventDate "2023.08.08"]
[EventType "swiss (blitz)"]
[EventRounds "11"]
[EventCountry "USA"]
[SourceTitle "EXT 2024"]
[Source "ChessBase"]
[SourceDate "2023.10.10"]
[SourceVersion "1"]
[SourceVersionDate "2023.10.10"]
[SourceQuality "1"]

1. Nf3 d5 2. d4 Nf6 3. c4 e6 4. Nc3 dxc4 5. e4 Bb4 6. Bxc4 Nxe4 7. 0-0 Bxc3 8. bxc3 0-0 9. Bd3 Nd6 10. Bg5 f6 11. Bf4 Nc6 12. Qc2 f5 13. Rfe1 Ne7 14. c4 Ng6 15. Bg5 Qe8 16. c5 Ne4 17. Bxe4 fxe4 18. Rxe4 Bd7 19. d5 Qf7 20. d6 cxd6 21. cxd6 Bc6 22. Re3 h6 23. Bh4 Rac8 24. Qe2 Nxh4 25. Nxh4 Qf6 26. Re1 Qxh4 27. Rxe6 Qg5 28. f3 Bxf3 29. Qb2 Bc6 30. R6e5 Qf6 31. Qa3 Qf2+ 0-1

[Event "Titled Tuesday intern op 11th Jul Early"]
[Site "Chess.com INT"]
[Date "2023.07.11"]
[Round "1"]
[White "Santos Flores, Alberto Javier"]
[Black "Narayanan, Srinath"]
[Result "0-1"]
[WhiteElo "2164"]
[BlackElo "2552"]
[PlyCount "90"]
[EventDate "2023.07.11"]
[EventType "swiss (blitz)"]
[EventRounds "11"]
[EventCountry "USA"]
[SourceTitle "EXT 2024"]
[Source "ChessBase"]
[SourceDate "2023.10.10"]
[SourceVersion "1"]
[SourceVersionDate "2023.10.10"]
[SourceQuality "1"]

1. e4 c5 2. Nf3 d6 3. Bb5+ Nd7 4. d4 cxd4 5. Qxd4 Ngf6 6. Nc3 a6 7. Bxd7+ Nxd7 8. Bg5 h6 9. Bh4 e5 10. Qd3 g5 11. Bg3 Nc5 12. Qe2 Be6 13. Nd2 Rc8 14. Nb3 Qb6 15. f3 Qb4 16. Qd2 Na4 17. a3 Qc4 18. Na5 Qc7 19. Nxa4 b5 20. b4 bxa4 21. c4 Be7 22. 0-0 h5 23. Bf2 g4 24. f4 exf4 25. Qxf4 h4 26. Bd4 Rg8 27. e5 h3 28. g3 dxe5 29. Bxe5 Qa7+ 30. Qd4 Qa8 31. Rf2 Rg5 32. Bf6 Rd8 33. Qc3 Rf5 34. Raf1 Rxf2 35. Kxf2 Qg2+ 36. Ke1 Bxf6 37. Rxf6 Qe4+ 38. Kf2 Rd3 39. Rxe6+ fxe6 40. Qh8+ Kf7 41. Qh5+ Qg6 42. Qxg6+ Kxg6 43. c5 Rxa3 44. Nc4 Rc3 45. Ne5+ Kf5 0-1

[Event "Aimchess Play In op"]
[Site "Chess.com INT"]
[Date "2023.06.12"]
[Round "6"]
[White "Narayanan, Srinath"]
[Black "Brkic, Ante"]
[Result "1/2-1/2"]
[WhiteElo "2559"]
[BlackElo "2608"]
[PlyCount "63"]
[EventDate "2023.06.12"]
[EventType "swiss (rapid)"]
[EventRounds "9"]
[EventCountry "USA"]
[SourceTitle "CBM 214 Extra"]
[Source "ChessBase"]
[SourceDate "2023.07.31"]
[SourceVersion "1"]
[SourceVersionDate "2023.07.31"]
[SourceQuality "1"]

1. Nf3 d5 2. e3 Nf6 3. c4 e6 4. Nc3 Bd6 5. b3 0-0 6. Bb2 Re8 7. Rc1 a6 8. Be2 b6 9. cxd5 exd5 10. 0-0 Bb7 11. Re1 Nbd7 12. d4 Qe7 13. Bf1 Ne4 14. Nxe4 dxe4 15. Nd2 b5 16. a4 Qg5 17. g3 Nf6 18. Bg2 Bd5 19. f4 exf3 20. Nxf3 Qh6 21. Ne5 Bxg2 22. Kxg2 bxa4 23. bxa4 Bxe5 24. dxe5 Rad8 25. Bd4 Nd5 26. Qf3 Qe6 27. Rc5 c6 28. Re2 Nb4 29. Bc3 Nd5 30. Bd4 Nb4 31. Bc3 Nd5 32. Bd4 1/2-1/2

[Event "Aimchess Play In op"]
[Site "Chess.com INT"]
[Date "2023.06.12"]
[Round "3"]
[White "Narayanan, Srinath"]
[Black "Lysyj, Igor"]
[Result "1-0"]
[WhiteElo "2559"]
[BlackElo "2589"]
[PlyCount "87"]
[EventDate "2023.06.12"]
[EventType "swiss (rapid)"]
[EventRounds "9"]
[EventCountry "USA"]
[SourceTitle "CBM 214 Extra"]
[Source "ChessBase"]
[SourceDate "2023.07.31"]
[SourceVersion "1"]
[SourceVersionDate "2023.07.31"]
[SourceQuality "1"]

1. Nf3 Nf6 2. c4 e6 3. Nc3 d5 4. e3 Be7 5. b3 0-0 6. Bb2 c5 7. cxd5 exd5 8. d4 Nc6 9. Be2 Ne4 10. 0-0 Bf6 11. Na4 Bg4 12. Rc1 Bxf3 13. gxf3 Ng5 14. Nxc5 Qe7 15. Kh1 Rac8 16. f4 Ne6 17. Bg4 Rfe8 18. Nd3 Rcd8 19. Ne5 Nb8 20. Bc3 Nf8 21. Qd2 Na6 22. Ba5 Rb8 23. Be2 Qe6 24. Rg1 Bd8 25. Bb5 Re7 26. Bd3 f6 27. Nf3 Bxa5 28. Qxa5 Qd6 29. Nh4 Rd7 30. Bb5 g6 31. Bxd7 Qxd7 32. Nf3 Re8 33. Qc3 Qe6 34. Qc2 Nb4 35. Qb1 Qd7 36. f5 g5 37. Nxg5 fxg5 38. Rxg5+ Kf7 39. Rcg1 Kf6 40. Qd1 Qf7 41. Qg4 Nd3 42. Qh4 Re4 43. Rg6+ Kxf5 44. R1g5# 1-0

[Event "Aimchess Play In op"]
[Site "Chess.com INT"]
[Date "2023.06.12"]
[Round "8"]
[White "Vallejo Pons, Francisco"]
[Black "Narayanan, Srinath"]
[Result "1/2-1/2"]
[WhiteElo "2706"]
[BlackElo "2559"]
[PlyCount "36"]
[EventDate "2023.06.12"]
[EventType "swiss (rapid)"]
[EventRounds "9"]
[EventCountry "USA"]
[SourceTitle "CBM 214 Extra"]
[Source "ChessBase"]
[SourceDate "2023.07.31"]
[SourceVersion "1"]
[SourceVersionDate "2023.07.31"]
[SourceQuality "1"]

1. e4 c5 2. b3 Nc6 3. Bb2 d6 4. Bb5 e5 5. Ne2 Nf6 6. d3 Be7 7. 0-0 0-0 8. Bxc6 bxc6 9. Ng3 g6 10. Nd2 h5 11. h3 h4 12. Ne2 Nh5 13. f4 exf4 14. Nxf4 Ng3 15. Rf2 Bf6 16. Bxf6 Qxf6 17. Nf1 Qd4 18. Qe1 g5 1/2-1/2

[Event "Titled Tuesday intern op 30th May Early"]
[Site "Chess.com INT"]
[Date "2023.05.30"]
[Round "9"]
[White "Mendonca, Leon Luke"]
[Black "Narayanan, Srinath"]
[Result "0-1"]
[WhiteElo "2603"]
[BlackElo "2559"]
[PlyCount "66"]
[EventDate "2023.05.30"]
[EventType "swiss (blitz)"]
[EventRounds "11"]
[EventCountry "USA"]
[SourceTitle "CBM 214 Extra"]
[Source "ChessBase"]
[SourceDate "2023.07.31"]
[SourceVersion "1"]
[SourceVersionDate "2023.07.31"]
[SourceQuality "1"]

1. e4 c5 2. Nf3 d6 3. c3 Nf6 4. Be2 g6 5. 0-0 Bg7 6. Re1 0-0 7. Bf1 Nc6 8. h3 e5 9. d3 h6 10. a4 Re8 11. Na3 d5 12. exd5 Nxd5 13. Nc4 Qc7 14. a5 Bf5 15. Qb3 Rad8 16. Qb5 b6 17. Be3 Rb8 18. axb6 axb6 19. Bd2 Bd7 20. Qb3 Be6 21. Qc2 b5 22. Ne3 Nf4 23. h4 Qd7 24. g3 Nh3+ 25. Kg2 Rbd8 26. Bc1 Nf4+ 27. gxf4 exf4 28. Nd1 Bd5 29. Rxe8+ Rxe8 30. Bxf4 Qg4+ 31. Bg3 Qxf3+ 32. Kh3 Qh1+ 33. Bh2 Qxf1+ 0-1

[Event "Titled Tuesday intern op 30th May Early"]
[Site "Chess.com INT"]
[Date "2023.05.30"]
[Round "11"]
[White "Narayanan, Srinath"]
[Black "Papasimakopoulos, Alexandros"]
[Result "1-0"]
[WhiteElo "2559"]
[BlackElo "2401"]
[PlyCount "75"]
[EventDate "2023.05.30"]
[EventType "swiss (blitz)"]
[EventRounds "11"]
[EventCountry "USA"]
[SourceTitle "CBM 214 Extra"]
[Source "ChessBase"]
[SourceDate "2023.07.31"]
[SourceVersion "1"]
[SourceVersionDate "2023.07.31"]
[SourceQuality "1"]

1. Nf3 d5 2. e3 Nf6 3. c4 e6 4. b3 c5 5. Bb2 Be7 6. cxd5 exd5 7. d4 Nc6 8. dxc5 Bxc5 9. Be2 0-0 10. 0-0 Bf5 11. Nc3 a6 12. Rc1 Ba7 13. Na4 Ne4 14. Bxa6 Nb4 15. Be2 Nxa2 16. Ra1 Nb4 17. Ba3 Qa5 18. Qe1 Nc6 19. Bxf8 Kxf8 20. Qxa5 Nxa5 21. Nb2 Nc6 22. Nd4 Bd7 23. Nxc6 bxc6 24. Ra3 Nd6 25. Rfa1 Nc8 26. Nd3 Ke7 27. Ne5 Be8 28. Bg4 Kd6 29. Nd3 Bd7 30. Bxd7 Kxd7 31. Ne5+ Kc7 32. Nxf7 Kb7 33. h4 Rb8 34. Nd8+ Kc7 35. Ne6+ Kd6 36. Nxg7 Bc5 37. Ra8 Rxa8 38. Rxa8 1-0

[Event "Titled Tuesday intern op 23rd May Early"]
[Site "Chess.com INT"]
[Date "2023.05.23"]
[Round "1"]
[White "Devaev, Alexander"]
[Black "Narayanan, Srinath"]
[Result "0-1"]
[WhiteElo "2325"]
[BlackElo "2559"]
[PlyCount "34"]
[EventDate "2023.05.23"]
[EventType "swiss (blitz)"]
[EventRounds "11"]
[EventCountry "USA"]
[SourceTitle "CBM 214 Extra"]
[Source "ChessBase"]
[SourceDate "2023.07.31"]
[SourceVersion "1"]
[SourceVersionDate "2023.07.31"]
[SourceQuality "1"]

1. d4 f5 2. Nf3 Nf6 3. Bg5 Ne4 4. Bh4 g6 5. Nbd2 Nxd2 6. Qxd2 Bg7 7. e3 d6 8. Bd3 0-0 9. c3 Qe8 10. e4 e5 11. dxe5 dxe5 12. Qc2 Nc6 13. Nd2 Be6 14. f3 Bh6 15. 0-0 Rf7 16. Bc4 Bxd2 17. Bxe6 Be3+ 0-1